Electrical Engineering Fundamentals (Record no. 8733)

MARC details
000 -LEADER
fixed length control field 00423nam a2200169Ia 4500
008 - FIXED-LENGTH DATA ELEMENTS--GENERAL INFORMATION
fixed length control field 230524s9999 xx 000 0 und d
020 ## - INTERNATIONAL STANDARD BOOK NUMBER
ISBN 812030599X
082 ## - DEWEY DECIMAL CLASSIFICATION NUMBER
Classification number 612.3812
Item number TOR
100 ## - MAIN ENTRY--AUTHOR NAME
Personal name Vincent Del Toro
245 #0 - TITLE STATEMENT
Title Electrical Engineering Fundamentals
250 ## - EDITION STATEMENT
Edition statement 2ND
260 ## - PUBLICATION, DISTRIBUTION, ETC. (IMPRINT)
Place of publication NEW DELHI
Name of publisher Printice Hall
Year of publication 2003
300 ## - PHYSICAL DESCRIPTION
Number of Pages XVII;921
500 ## - GENERAL NOTE
General note Quantity Number: 10
650 ## - SUBJECT ADDED ENTRY--TOPICAL TERM
Topical Term Electrical
942 ## - ADDED ENTRY ELEMENTS (KOHA)
Koha item type Books
Holdings
Lost status Damaged status Permanent Location Current Location Shelving location Date acquired Full call number Accession Number Koha item type
    Central Library, Trident Academy of Technology Central Library, Trident Academy of Technology General Stacks 05/24/2023 612.3812 TOR 562 Books
    Central Library, Trident Academy of Technology Central Library, Trident Academy of Technology General Stacks 05/24/2023 612.3812 TOR 563 Books
    Central Library, Trident Academy of Technology Central Library, Trident Academy of Technology General Stacks 05/24/2023 612.3812 TOR 564 Books
    Central Library, Trident Academy of Technology Central Library, Trident Academy of Technology General Stacks 05/24/2023 612.3812 TOR 565 Books
    Central Library, Trident Academy of Technology Central Library, Trident Academy of Technology General Stacks 05/24/2023 612.3812 TOR 566 Books
    Central Library, Trident Academy of Technology Central Library, Trident Academy of Technology General Stacks 05/24/2023 612.3812 TOR 3131 Books
    Central Library, Trident Academy of Technology Central Library, Trident Academy of Technology General Stacks 05/24/2023 612.3812 TOR 3132 Books
    Central Library, Trident Academy of Technology Central Library, Trident Academy of Technology General Stacks 05/24/2023 612.3812 TOR 3133 Books
    Central Library, Trident Academy of Technology Central Library, Trident Academy of Technology General Stacks 05/24/2023 612.3812 TOR 3134 Books
    Central Library, Trident Academy of Technology Central Library, Trident Academy of Technology General Stacks 05/24/2023 612.3812 TOR 3364 Books
Trident Academy of Technology © 2023.
All rights reserved.                                                                                                                                                                                                        Designed by Team of Central Library .

Powered by Koha